MARC details
| 000 -CABECERA |
| campo de control de longitud fija |
04091nam a22004217a 4500 |
| 001 - NÚMERO DE CONTROL |
| campo de control |
BRCA_8537 |
| 002 - NÚMERO DE PROCEDENCIA |
| campo de control |
W-31 |
| 003 - IDENTIFICADOR DEL NÚMERO DE CONTROL |
| campo de control |
FranzMayer |
| 005 - FECHA Y HORA DE LA ÚLTIMA TRANSACCIÓN |
| campo de control |
20260520175317.0 |
| 006 - CÓDIGOS DE INFORMACIÓN DE LONGITUD FIJA--CARACTERÍSTICAS DEL MATERIAL ADICIONAL |
| campo de control de longitud fija |
aa||||r|||| 001 0 |
| 007 - CAMPO FIJO DE DESCRIPCIÓN FÍSICA--INFORMACIÓN GENERAL |
| campo de control de longitud fija |
ta |
| 008 - DATOS DE LONGITUD FIJA--INFORMACIÓN GENERAL |
| campo de control de longitud fija |
250807s1493 -gea|||gr|||| 001 0 lat d |
| 040 ## - FUENTE DE LA CATALOGACIÓN |
| Centro catalogador/agencia de origen |
BMFM |
| Lengua de catalogación |
spa |
| 041 0# - CODIGO DE IDIOMA |
| Código de idioma para texto/pista de sonido o título separado |
lat |
| 050 #4 - SIGNATURA TOPOGRÁFICA DE LA BIBLIOTECA DEL CONGRESO |
| Número de clasificación |
D17 |
| Número de documento/Ítem |
.S33 1493 |
| 100 1# - ENTRADA PRINCIPAL--NOMBRE DE PERSONA |
| Nombre de persona |
Schedel, Hartmann, |
| Fechas asociadas al nombre |
(1440-1514) |
| 9 (RLIN) |
30013 |
| 245 1# - MENCIÓN DE TÍTULO |
| Título |
Cronicarum per viam epithomatis breviarij compilati opus / |
| Mención de responsabilidad, etc. |
Hartmann Schedel |
| 246 11 - FORMA VARIANTE DE TÍTULO |
| Título propio/Titulo breve |
Liber Chronicarum |
| 246 11 - FORMA VARIANTE DE TÍTULO |
| Resto del título |
Crónica de Nuremberg: La historia del mundo desde la creación, hasta los días de la publicación |
| 260 ## - PUBLICACIÓN, DISTRIBUCIÓN, ETC. |
| Lugar de publicación, distribución, etc. |
Nuremberg, Alemania: |
| Nombre del editor, distribuidor, etc. |
Koberger, Anton, |
| Fecha de publicación, distribución, etc. |
1493 |
| 300 ## - DESCRIPCIÓN FÍSICA |
| Extensión |
[38], CCXCIX, 299, [3] páginas : |
| Otras características físicas |
Xilografías ; |
| Dimensiones |
42.5 x 32.5 x 8 cm |
| 500 ## - NOTA GENERAL |
| Nota general |
A solicitud de Sebald Schreyer y Sabastian Kammermeister. |
| 520 3# - SUMARIO, ETC. |
| Sumario, etc. |
El tercer libro más antiguo en la biblioteca del Museo Franz Mayer. Fue ilustrado con 1,855 xilografías, producidas a partir de 645 bloques y realizadas por Michael Wolgemut (maestro de Albrecht Dürer) y su yerno Wilhelm Pleydenwurff. |
| Ampliación de la nota de sumario |
Narra la historia del mundo basándose en relatos bíblicos y dividiéndola en seis edades históricas, desde la creación o Génesis hasta el año 1490, y añade una séptima: el Juicio Final. Ofrece algunas vistas de ciudades europeas (Roma, Venecia, Florencia, Nuremberg, Génova) y dos mapas, uno basado en las ideas de Ptolomeo y otro de Europa Central y Oriental, siendo el primero que aparece en un libro impreso. Ha sido considerada una de las obras cúspide de la imprenta incunable, tanto por su estructura, como por ser la más ilustrada de todo el período. |
| 563 ## - NOTA DE ENCUADERNACIÓN |
| Nota de encuadernación |
Otras referencias físicas: Encuadernación entera en piel con restos de la piel utilizada en la cartera previa. El papel del cuerpo del libro está formado por papel de trapo, hecho a mano, con marcas de verjurado. El cuerpo del libro está formado por cuadernillos unidos mediante costura aparentemente con libramiento sobre cinco soportes; no se determinaron las características de los soportes. Los folios XII y XIII son láminas adheridas a escartivanas cosidas con el cuerpo. Las hojas de guarda son parte de la reencuadernación. Lomera ligeramente redonda. No se determinó si tiene endoses. Cabezadas tejidas con hilo ocre con almas de material no identificado cortadas al ras. Cantos del cuerpo refinados más de una vez; el canto de pie está decorado con salpicado en rojo; no es claro si los cantos de cabeza y frente tienen decoración. Soportes de la tapa probablemente de cartón. Tejuelo de piel café oscuro con el título y autor grabados en dorado. Texto impreso, Anotaciones en tinta ferrogálica. |
| 591 ## - ESTADO DE CONSERVACIÓN |
| Estado de conservación |
Estado de Conservación: Bueno. |
| 591 ## - ESTADO DE CONSERVACIÓN |
| Descripción de conservación |
Descripción de conservación: Reencuadernado: se le agregaron hojas de guarda, se volvió a hacer la cartera de piel utilizando los restos de la cubierta previa. Presenta suciedad, manchas y faltantes leves en las hojas, separación entre cuadernillos entre los folios CCXC y CCXCI, levantamiento de la última capa de piel en los restos de piel de la cartera previa, rotura en cofia de pie. |
| 592 ## - MARCAS ADICIONALES |
| MARCAS ADICIONALES |
Marcas Adicionales: Anotaciones manuscritas en la portada. Índice de contenido. Contiene 1855 xilografías. Texto a línea tirada. Letra gótica. Páginas foliadas. Letras iniciales xilográficas. Nombres asociados: Schreyer, Sebald, 1446-1520; Kammermeister, Sebastian -1503; Wolgemut, Michael, 1434-1519; Pleydenwurff, Wilhelm, d. 1494. |
| 593 ## - COLECCIÓN ADICIONAL |
| Colección adicional |
Incunables |
| 650 #0 - PUNTO DE ACCESO ADICIONAL DE MATERIA--TÉRMINO DE MATERIA |
| Término de materia o nombre geográfico como elemento de entrada |
Historical chronology |
| Subdivisión de forma |
Early works to 1800 |
| 9 (RLIN) |
30014 |
| 650 #0 - PUNTO DE ACCESO ADICIONAL DE MATERIA--TÉRMINO DE MATERIA |
| Término de materia o nombre geográfico como elemento de entrada |
Bible |
| Subdivisión general |
History of biblical events |
| 9 (RLIN) |
30016 |
| 655 00 - TÉRMINO DE INDIZACIÓN--GÉNERO/FORMA |
| Datos o término principal de género/forma |
Illustrated books |
| Subdivisión general |
History |
| Subdivisión cronológica |
15th and 16th centuries |
| Subdivisión geográfica |
Germany |
| -- |
Nuremberg |
| 9 (RLIN) |
30019 |
| 655 00 - TÉRMINO DE INDIZACIÓN--GÉNERO/FORMA |
| Datos o término principal de género/forma |
Incunabula |
| 9 (RLIN) |
30020 |
| 700 1# - PUNTO DE ACCESO ADICIONAL--NOMBRE DE PERSONA |
| Nombre de persona |
Koberger, Anton, |
| Fechas asociadas al nombre |
(ca.1440-1513), |
| Término indicativo de función/relación |
impresor |
| 9 (RLIN) |
30018 |
| 856 41 - LOCALIZACIÓN Y ACCESO ELECTRÓNICOS |
| Tipo de formato electrónico |
TIF//PDF |
| Texto de enlace |
Biblioteca Digital Franz Mayer |
| Identificador Uniforme del Recurso |
<a href="https://bibliotecadigital.franzmayer.org.mx/items/85c3d8a7-2f7a-486c-a7db-1b075ce59bd2">https://bibliotecadigital.franzmayer.org.mx/items/85c3d8a7-2f7a-486c-a7db-1b075ce59bd2</a> |
| 902 ## - CATALOGADOR |
| Iniciales |
KH |
| -- |
FM |
| -- |
TV |
| 942 ## - ELEMENTOS DE PUNTO DE ACCESO ADICIONAL (KOHA) |
| Tipo de ítem Koha |
Libros |
| Fuente del sistema de clasificación o colocación |
Library of Congress Classification |
| 960 ## - LOCALIZACIÓN FÍSICA (RLIN) |
| Localización física, PLOC (RLIN) |
CS-L1-N1 |
| 952 ## - LOCALIZACIÓN E INFORMACIÓN DEL ÍTEM/UNIDAD FÍSICA (KOHA) |
| Localización permanente |
Biblioteca del Museo Franz Mayer (Rogerio Casas-Alatriste) |
| Ubicación/localización actual |
Biblioteca del Museo Franz Mayer (Rogerio Casas-Alatriste) |
| Información codificada de la localización en otra ubicación |
CS-L1-N1 |
| Número de procedencia |
W-31 |
| Total de préstamos |
0 |
| Signatura topográfica completa |
D17 .S33 1493 (W-31) |
| Código de barras |
LAR00042 |
| Fecha visto por última vez |
2025-08-08 00:00:00 |
| Tipo de ítem Koha |
Libros |
| Estado del ejemplar |
El ejemplar forma parte de la colección y puede ser consultado según las políticas vigentes. |
| Estado de pérdida |
|
| Restricciones de uso |
Además de la credencial vigente, se requiere carta de motivos para autorizar la consulta. |
| Disponibilidad para consulta |
|
| Código de colección |
Libros Antiguos y Raros |